| 000 | 00782cam a22002413a 4500 | ||
|---|---|---|---|
| 001 | 13811 | ||
| 003 | PGUSA | ||
| 005 | 20140828083309.0 | ||
| 008 | 041020s2004||||xxu|||||s|||||000 | eng d | ||
| 040 |
_aPGUSA _beng |
||
| 042 | _adc | ||
| 050 | 4 | _aF106 | |
| 100 | 1 |
_aAbbott, John S. C. _q(John Stevens Cabot), _d1805-1877 |
|
| 245 | 1 | 0 |
_aPeter Stuyvesant, the Last Dutch Governor of New Amsterdam _h[electronic resource] / _cJohn S. C. Abbott |
| 260 |
_bProject Gutenberg, _c2004 |
||
| 506 | _aPublic domain in the USA. | ||
| 516 | _aElectronic text | ||
| 653 | _aNew York (State) -- History -- Colonial period, ca. 1600-1775 | ||
| 653 | _aStuyvesant, Peter, 1592-1672 | ||
| 830 | 0 |
_aProject Gutenberg _v13811 |
|
| 856 | 4 | 0 | _uhttp://www.gutenberg.org/ebooks/13811 |
| 942 | _cEB | ||
| 999 |
_c243066 _d243066 |
||